Premier League Referees with the Most Appearances - Statistics

General Stats
  • This quiz has been taken 21 times
  • The average score is 12 of 25
Answer Stats
Hint Answer % Correct
356 Anthony Taylor
95%
358 Michael Oliver
84%
560 Mike Dean
79%
296 Howard Webb
74%
291 Mark Clattenburg
74%
202 Mike Jones
68%
462 Martin Atkinson
63%
236 Craig Pawson
58%
274 Jonathan Moss
53%
387 Andre Marriner
47%
261 Dermot Gallagher
47%
307 Phil Dowd
47%
263 Chris Foy
42%
329 Graham Poll
42%
289 Lee Mason
37%
285 Mike Riley
37%
278 Alan Wiley
32%
199 David Elleray
32%
274 Kevin Friend
32%
280 Mark Halsey
32%
244 Paul Durkin
32%
255 Steve Bennett
32%
190 Stuart Atwell
32%
212 Rob Styles
26%
199 Steve Dunn
21%
No matching quizzes found
Score Distribution
Percent of People with Each Score
Percentile by Number Answered
Your Score History
You have not taken this quiz